Clubs de la LdC 2026 - Statistiques

Statistiques générales
  • Ce quiz a été pris 843 fois
  • Le résultat moyen est 18 sur 36
Answers on the Grid
Answers color-coded by a green-red scale on the quiz's grid according to % correct below.
Lille OSC
Arsenal
Bayern Munich
Real Madrid
Stade Rennais FC
Liverpool
Tottenham
Paris-SG
Anderlecht
Strasbourg
Newcastle
Chelsea
FC Barcelone
Sporting CP
RB Leipzig
Lazio Rome
Manchester City
Atlético de Madrid
VFB Stuttgart
Fribourg
Atalanta Bergame
Betis
Inter Milan
Juventus
Dortmund
Galatasaray
FK Qarabag
Olympique de Marseille
Bayer Leverkusen
AS Monaco
PSV Eindhoven
Feyenoord Rotterdam
RC Lens
Salzbourg
Sturm Graz
Porto
Braga
Midtjylland
Athletic Bilbao
Olympiakos
Naples
Celta Vigo
Séville
Copenhague
Club Brugge
Kairat Almaty
Aston Villa
Manchester United
Bodo/Glimt
Paphos
AS Roma
Crystal Palace
Union Saint Gilloise
AC Milan
Ajax Amsterdam
Everton
Real Sociedad
Eintracht Francfort
Valence FC
Slavia Prague
Panatinakhos
Young Boys
FC Bâle
Benfica
Dynamo Kiev
Shaktar Donetsk
Villarreal
AEK Athènes
 
Statistiques - réponses
Réponse % Correct
Arsenal
95%
Bayern Munich
95%
Real Madrid
95%
Liverpool
93%
Paris-SG
93%
Chelsea
85%
Tottenham
82%
Newcastle
79%
FC Barcelone
76%
Manchester City
66%
Sporting CP
65%
Atlético de Madrid
64%
Inter Milan
57%
Dortmund
56%
Juventus
54%
Olympique de Marseille
54%
AS Monaco
51%
Galatasaray
50%
Atalanta Bergame
49%
Bayer Leverkusen
48%
FK Qarabag
47%
PSV Eindhoven
35%
Naples
31%
Club Brugge
30%
Bodo/Glimt
29%
Athletic Bilbao
26%
Kairat Almaty
26%
Benfica
25%
Olympiakos
24%
Paphos
22%
Copenhague
20%
Ajax Amsterdam
18%
Union Saint Gilloise
18%
Villarreal
18%
Eintracht Francfort
15%
Slavia Prague
12%
Aucun quiz correspondant
Distribution des résultats
% des personnes avec chaque résultat
Percentile par nombre de réponses
Votre historique - résultats
Vous n’avez pas pris ce quiz